[Event "Biel"]
[Site "Biel"]
[Date "1983.??.??"]
[Round "?"]
[White "Adorjan, Andras"]
[Black "Hebden, Mark"]
[Result "1-0"]
[WhiteElo "2535"]
[BlackElo "2495"]
[PlyCount "147"]
[EventDate "1983.07.??"]
[Source "ChessBase"]

1. c4 g6 2. e4 Bg7 3. d4 d6 4. Nc3 Nf6 5. f3 a6 6. Bg5 c5 7. dxc5 dxc5 8. Qxd8+ Kxd8 9. O-O-O+ Nfd7 10. f4 Bxc3 11. bxc3 Nc6 12. Nf3 Ke8 13. Be2 Nf8 14. Bh6 Bg4 15. h3 Bxf3 16. Bxf3 Na5 17. e5 Rb8 18. Rd5 Rc8 19. Rd3 Rd8 20. Rxd8+ Kxd8 21. Rd1+ Kc7 22. Bg5 Ne6 23. Bxe7 Nxc4 24. g3 Re8 25. Bd6+ Kc8 26. Bg4 Nxd6 27. Rxd6 h5 28. Bxe6+ Rxe6 29. Rd5 b6 30. Kd2 Kc7 31. Kd3 Kc6 32. Rd8 b5 33. Rc8+ Kb6 34. Rb8+ Kc6 35. Ke4 Re7 36. Rc8+ Kb6 37. Rd8 b4 38. c4 a5 39. Rd6+ Ka7 40. Rc6 a4 41. Rxc5 a3 42. Kd3 Rd7+ 43. Kc2 h4 44. gxh4 Rd4 45. Kb3 Rxf4 46. Kxb4 Kb6 47. Rd5 Rxh4 48. Rd6+ Kc7 49. Rf6 Rxh3 50. Rxf7+ Kd8 51. Ra7 Re3 52. Kc5 g5 53. Kd4 Rf3 54. c5 g4 55. Ke4 Rc3 56. Kd4 Rf3 57. c6 g3 58. e6 g2 59. Rd7+ Kc8 60. Rg7 Rf2 61. Ke4 Re2+ 62. Kd5 Rxa2 63. e7 Re2 64. Kd6 Rd2+ 65. Kc5 Rc2+ 66. Kb6 Rb2+ 67. Ka5 Re2 68. Rxg2 Rxe7 69. Kb6 Re8 70. Rg7 a2 71. Ra7 Kd8 72. Rxa2 Re6 73. Kb7 Re7+ 74. Kb8 1-0

[Event "BL 0607 SK König Tegel - SG Porz"]
[Site "Germania"]
[Date "2006.10.28"]
[Round "1.3"]
[White "Graf, Alexander"]
[Black "Muse, Mladen"]
[Result "1-0"]
[WhiteElo "2583"]
[BlackElo "2443"]
[PlyCount "69"]
[EventDate "2006.10.28"]
[Source "www.chesslib.no"]
[SourceDate "2004.05.04"]

1. d4 Nf6 2. c4 g6 3. Nc3 Bg7 4. e4 d6 5. f3 c6 6. Be3 a6 7. Bd3 b5 8. Nge2 bxc4 9. Bxc4 d5 10. Bd3 dxe4 11. Nxe4 Nd5 12. Bf2 Bh6 13. Qb3 Qa5+ 14. N2c3 Nd7 15. O-O Rb8 16. Qa4 Qxa4 17. Nxa4 O-O 18. Rfe1 Rb4 19. b3 Bg7 20. Bc4 N7b6 21. Nxb6 Rxb6 22. Nc5 Bf6 23. Rac1 h5 24. Nd3 Bf5 25. Ne5 Bg5 26. Bxd5 cxd5 27. Rc5 Rd8 28. Nc6 Rd7 29. Be3 Bf6 30. Rec1 Kg7 31. Kf2 Rbb7 32. Bf4 Rb5 33. R5c3 a5 34. a4 Rb6 35. Be3 1-0

[Event "GMA Baleares Open"]
[Site "Palma de Majorca ESP"]
[Date "1989.??.??"]
[Round "5"]
[White "Murey, Jacob I"]
[Black "Byrne, Robert E"]
[Result "1-0"]
[WhiteElo "2560"]
[BlackElo "2465"]
[PlyCount "141"]
[EventDate "1989.12.??"]
[Source "www.chesslib.no"]
[SourceDate "2004.05.04"]

1. d4 Nf6 2. c4 g6 3. Nc3 Bg7 4. e4 d6 5. f3 a6 6. Be3 c6 7. Qd2 b5 8. Bh6 Bxh6 9. Qxh6 Qa5 10. Qe3 e5 11. dxe5 dxe5 12. Qc5 Nfd7 13. Qd6 b4 14. Nd1 Qc5 15. Qd2 a5 16. Ne3 Na6 17. Ne2 Qe7 18. h4 h5 19. g3 Ndc5 20. O-O-O Be6 21. Bg2 Rd8 22. Qxd8+ Qxd8 23. Rxd8+ Kxd8 24. Kc2 Ke7 25. Nc1 f5 26. exf5 gxf5 27. Bh3 f4 28. gxf4 exf4 29. Ng2 Bxh3 30. Rxh3 Ne6 31. Ne2 Rf8 32. Rh1 Nac5 33. Rd1 Rf5 34. a3 Rf8 35. axb4 axb4 36. Ra1 Kd6 37. Ra7 Nd7 38. Ne1 Ne5 39. Rh7 Rf5 40. Rh6 c5 41. Nd3 Nf7 42. Rg6 Ne5 43. Nxe5 Kxe5 44. Kd3 Rf8 45. Rh6 Rd8+ 46. Kc2 Nd4+ 47. Nxd4 Kxd4 48. Kb3 Ke3 49. Rxh5 Rc8 50. Rg5 Kxf3 51. h5 Ke2 52. Re5+ Kd3 53. Rf5 Ke4 54. Rf7 Rh8 55. Re7+ Kf5 56. Rc7 f3 57. Rxc5+ Kf4 58. Ra5 f2 59. Ra1 Ke3 60. Kxb4 Ke2 61. c5 Rb8+ 62. Kc3 f1=Q 63. Rxf1 Kxf1 64. b4 Ke2 65. Kc4 Ke3 66. c6 Ke4 67. b5 Ke5 68. Kc5 Ke6 69. c7 Rh8 70. Kc6 Ke7 71. b6 1-0

[Event "NLD-chT9697"]
[Site "Holland"]
[Date "1996.??.??"]
[Round "4"]
[White "Kortschnoj, Viktor"]
[Black "Visser, Yge"]
[Result "1-0"]
[WhiteElo "2645"]
[BlackElo "2380"]
[PlyCount "125"]
[EventDate "1996.??.??"]
[Source "www.chesslib.no"]
[SourceDate "2004.05.04"]

1. d4 Nf6 2. c4 g6 3. Nc3 Bg7 4. e4 d6 5. Nge2 e5 6. f3 O-O 7. Bg5 h6 8. Be3 c6 9. Qd2 Kh7 10. d5 cxd5 11. cxd5 Na6 12. g4 Bd7 13. Ng3 Nc5 14. Be2 Qa5 15. Nb5 Qxd2+ 16. Kxd2 Bxb5 17. Bxb5 a6 18. Bf1 a5 19. h4 h5 20. gxh5 Bh6 21. hxg6+ fxg6 22. h5 Nxh5 23. Nxh5 Bxe3+ 24. Kxe3 gxh5 25. Rxh5+ Kg6 26. Rh3 Rh8 27. Rg3+ Kf6 28. Bh3 Rag8 29. Rxg8 Rxg8 30. Bg4 Rh8 31. a3 a4 32. Re1 Rh2 33. Re2 Rh1 34. Bf5 Rd1 35. Rd2 Rc1 36. Kf2 Rh1 37. Kg2 Rc1 38. Kg3 Kg5 39. Rg2 Nd3 40. Bd7 Nf4 41. Rd2 Rh1 42. Bxa4 Rh3+ 43. Kf2 Rh2+ 44. Ke3 Ng2+ 45. Kd3 Ne1+ 46. Kc3 Rh3 47. Bd1 Nxf3 48. Bxf3 Rxf3+ 49. Rd3 Rf1 50. Rh3 Kf4 51. Rh4+ Ke3 52. a4 Rc1+ 53. Kb4 Kd4 54. a5 Rc4+ 55. Kb5 Rc5+ 56. Kb6 Kc4 57. Rh1 Rb5+ 58. Kc7 Kc5 59. Rc1+ Kd4 60. Kxd6 Kxe4 61. Ke6 Rxb2 62. d6 Rd2 63. d7 1-0

[Event "Budapest ExpFS"]
[Site "Budapest HUN"]
[Date "1992.??.??"]
[Round "?"]
[White "Varga, Zoltan"]
[Black "Ye Jiangchuan"]
[Result "1/2-1/2"]
[WhiteElo "2480"]
[BlackElo "2545"]
[PlyCount "38"]
[EventDate "1992.09.??"]
[Source "www.chesslib.no"]
[SourceDate "2004.05.04"]

1. d4 Nf6 2. c4 g6 3. f3 Bg7 4. e4 d6 5. Nc3 e5 6. dxe5 dxe5 7. Qxd8+ Kxd8 8. Be3 Be6 9. O-O-O+ Nfd7 10. Nh3 h6 11. Nf2 Nc6 12. Nd3 Kc8 13. Nd5 a5 14. Kb1 Re8 15. Rd2 Bf8 16. a3 a4 17. Be2 Na5 18. Rc2 Kb8 19. c5 Nc6 1/2-1/2

[Event "Manila ol (Men)"]
[Site "Manila PHI"]
[Date "1992.??.??"]
[Round "?"]
[White "Olafsson, Helgi"]
[Black "Brunner, Lucas"]
[Result "1-0"]
[WhiteElo "2525"]
[BlackElo "2500"]
[PlyCount "105"]
[EventDate "1992.06.??"]
[Source "www.chesslib.no"]
[SourceDate "2004.05.04"]

1. d4 Nf6 2. c4 g6 3. Nc3 Bg7 4. e4 d6 5. f3 c6 6. Bg5 a6 7. Qd2 b5 8. O-O-O Qa5 9. e5 dxe5 10. dxe5 Nfd7 11. f4 Qc7 12. Nf3 Nc5 13. Qe3 Qa7 14. Ne4 Nxe4 15. Qxe4 O-O 16. Bd3 Re8 17. Rhe1 Be6 18. Nd4 Bxc4 19. Bxc4 bxc4 20. f5 c5 21. e6 f6 22. Be3 cxd4 23. Bxd4 Qc7 24. Qxa8 Qf4+ 25. Be3 Qxf5 26. Qd5 Qxd5 27. Rxd5 Nc6 28. Bd2 Ne5 29. Re4 Rc8 30. Red4 Rf8 31. Rd8 f5 32. Rxf8+ Bxf8 33. Kc2 h5 34. h3 Bg7 35. Bc3 Bf6 36. Rd7 Nxd7 37. exd7 e5 38. Ba5 Kf7 39. d8=Q Bxd8 40. Bxd8 Ke6 41. Kd2 f4 42. Kc3 Kd5 43. h4 e4 44. Bc7 f3 45. gxf3 exf3 46. Bb6 a5 47. Bf2 a4 48. a3 Ke4 49. Kxc4 g5 50. hxg5 Kf5 51. Kd5 Kxg5 52. Ke4 Kg4 53. Be1 1-0

[Event "RUS-Cup1 Chigorin mem"]
[Site "St Petersburg"]
[Date "1996.??.??"]
[Round "5"]
[White "Solozhenkin, Evgeniy"]
[Black "Iskusnyh, Sergei"]
[Result "1-0"]
[WhiteElo "2565"]
[BlackElo "2460"]
[PlyCount "91"]
[EventDate "1996.11.??"]
[Source "ChessBase"]

1. d4 Nf6 2. c4 g6 3. Nc3 Bg7 4. e4 d6 5. f3 c6 6. Bg5 a6 7. Qd2 b5 8. Rc1 Nbd7 9. b3 O-O 10. Nh3 bxc4 11. bxc4 e5 12. d5 cxd5 13. cxd5 Nc5 14. Nf2 Bd7 15. Nd3 Nxd3+ 16. Bxd3 Qa5 17. Ne2 Qa4 18. Rc4 Qa3 19. Rc3 Qa5 20. Rb3 Qc7 21. O-O Ba4 22. Rb4 Bb5 23. Rfb1 Qa5 24. Bxb5 axb5 25. Nc3 Rfc8 26. Be3 Ne8 27. R1b3 Nc7 28. a4 Na6 29. Rxb5 Qc7 30. Ra3 f5 31. Rb1 Nc5 32. Rb5 Nd7 33. Rab3 Nf6 34. h3 Qf7 35. Rb7 Rc7 36. Rxc7 Qxc7 37. Qd3 Nh5 38. exf5 gxf5 39. Qxf5 Qc4 40. Qc2 Ng3 41. Qd1 Nf5 42. Ne4 Rxa4 43. Rb8+ Bf8 44. Qb1 Qe2 45. Bf2 Kg7 46. Nc3 1-0

[Event "Nis op"]
[Site "?"]
[Date "1997.??.??"]
[Round "7"]
[White "Brenjo Slavisa"]
[Black "Ilincic Zlatko"]
[Result "1/2-1/2"]
[WhiteElo "2460"]
[BlackElo "2565"]
[PlyCount "71"]
[EventDate "1997.??.??"]
[Source "www.chesslib.no"]
[SourceDate "2004.05.04"]

1. d4 Nf6 2. c4 g6 3. Nc3 Bg7 4. e4 d6 5. f3 e5 6. d5 Nh5 7. Be3 f5 8. exf5 gxf5 9. Qd2 Qh4+ 10. Bf2 Qe7 11. Nge2 O-O 12. O-O-O Na6 13. Be3 Bd7 14. h3 f4 15. Bf2 Bf5 16. Ne4 Bxe4 17. fxe4 Bf6 18. h4 Kh8 19. g4 fxg3 20. Nxg3 Nxg3 21. Bxg3 Rg8 22. Bf2 Rg4 23. Qe2 Rag8 24. Bh3 Rf4 25. Rdg1 Rxg1+ 26. Rxg1 Nc5 27. Be3 Rxh4 28. Qg2 Bg7 29. Kb1 Nxe4 30. Be6 Qf6 31. Rf1 Qg6 32. Qxg6 hxg6 33. Rf7 Bh6 34. Bxh6 Rxh6 35. Rf8+ Kg7 36. Rf7+ 1/2-1/2

[Event "Kavala op 11th"]
[Site "Kavala"]
[Date "2002.08.12"]
[Round "4"]
[White "Istratescu, Andrei"]
[Black "Shavtvaladze, Nikoloz"]
[Result "1-0"]
[WhiteElo "2622"]
[BlackElo "2399"]
[PlyCount "75"]
[EventDate "2002.08.10"]
[Source "ChessBase"]
[SourceDate "2002.09.11"]

1. d4 Nf6 2. c4 g6 3. Nc3 Bg7 4. e4 d6 5. f3 Nc6 6. Nge2 a6 7. Be3 Rb8 8. Nc1 O-O 9. Nb3 Re8 10. Qd2 Bd7 11. Be2 h5 12. h3 e5 13. d5 Nd4 14. Nxd4 exd4 15. Bxd4 h4 16. Bd3 c5 17. dxc6 bxc6 18. Ne2 a5 19. Bc2 d5 20. cxd5 cxd5 21. e5 Nh5 22. f4 Bb5 23. Bd3 Bh6 24. O-O Ng7 25. Bxb5 Rxb5 26. Bc3 d4 27. Qxd4 Rd5 28. Qe4 Nf5 29. Kh2 Qd7 30. g4 hxg3+ 31. Nxg3 Nxg3 32. Kxg3 Rd8 33. Rf3 a4 34. a3 Rd1 35. Rxd1 Qxd1 36. Kg2 Kh7 37. e6 fxe6 38. Qxe6 1-0

[Event "Las Palmas"]
[Site "Las Palmas"]
[Date "1972.??.??"]
[Round "8"]
[White "Larsen, Bent"]
[Black "Lehmann, Heinz"]
[Result "1/2-1/2"]
[WhiteElo "2625"]
[BlackElo "2395"]
[PlyCount "67"]
[EventDate "1972.??.??"]
[Source "ChessBase"]

1. c4 Nf6 2. Nc3 g6 3. e4 d6 4. d4 Bg7 5. f3 c6 6. Bd3 a6 7. Nge2 b5 8. O-O e5 9. dxe5 dxe5 10. Be3 O-O 11. Nc1 Be6 12. Qe2 Nh5 13. g3 Nd7 14. Nb3 f5 15. Nc5 Nxc5 16. Bxc5 Re8 17. Kh1 Nf6 18. cxb5 axb5 19. Bc2 Qc7 20. Rfd1 fxe4 21. Nxe4 Nxe4 22. Bxe4 Rxa2 23. Rxa2 Bxa2 24. Rd6 Re6 25. Qd3 Rxd6 26. Bxd6 Qd7 27. Qa3 Bf7 28. Qa8+ Be8 29. Qb8 Bf8 30. Bxf8 Kxf8 31. Qxe5 Qd1+ 32. Kg2 Qd2+ 33. Kh3 Qh6+ 34. Kg2 1/2-1/2

[Event "World Open"]
[Site "Philadelphia, PA USA"]
[Date "1988.??.??"]
[Round "?"]
[White "Browne, Walter S"]
[Black "Byrne, Robert E"]
[Result "1-0"]
[WhiteElo "2530"]
[BlackElo "2490"]
[PlyCount "47"]
[EventDate "1988.06.??"]
[Source "www.chesslib.no"]
[SourceDate "2004.05.04"]

1. d4 Nf6 2. c4 g6 3. Nc3 Bg7 4. e4 d6 5. f3 a6 6. Be3 c6 7. a4 a5 8. Bd3 e5 9. Nge2 Nh5 10. Qd2 f5 11. exf5 gxf5 12. dxe5 dxe5 13. O-O-O Qe7 14. Ng3 Nxg3 15. hxg3 Na6 16. g4 e4 17. Bb1 O-O 18. Rh5 Nc5 19. Bxc5 Qxc5 20. fxe4 Be6 21. exf5 Bf7 22. Rg5 h6 23. Rxg7+ Kxg7 24. f6+ 1-0

[Event "USA-op"]
[Site "Los Angeles, CA USA"]
[Date "1987.??.??"]
[Round "4"]
[White "Dlugy, Maxim"]
[Black "Lombardy, William J"]
[Result "1/2-1/2"]
[WhiteElo "2545"]
[BlackElo "2475"]
[PlyCount "77"]
[EventDate "1987.11.??"]
[Source "www.chesslib.no"]
[SourceDate "2004.05.04"]

1. d4 Nf6 2. c4 g6 3. Nc3 Bg7 4. e4 d6 5. f3 c6 6. Be3 a6 7. c5 b6 8. cxd6 exd6 9. Qd2 O-O 10. Rd1 Re8 11. Bd3 b5 12. Nge2 Nbd7 13. O-O Bb7 14. b3 Qe7 15. Bg5 Qf8 16. Ng3 c5 17. dxc5 Nxc5 18. Bc2 Ne6 19. Be3 Rac8 20. Nge2 Re7 21. b4 Rec7 22. Bb3 Qe8 23. Rc1 Nd7 24. Nd5 Bxd5 25. Qxd5 Ne5 26. Rxc7 Rxc7 27. Qxd6 Rc6 28. Qd1 Nc4 29. Bxc4 Rxc4 30. a3 Qc6 31. Qd3 h5 32. Rd1 Bb2 33. Qb3 Be5 34. Qd3 Qc7 35. g3 Rc2 36. Rd2 Rc4 37. f4 Bf6 38. f5 Ng5 39. Bxg5 1/2-1/2

[Event "Budapest FS06 GM"]
[Site "Budapest"]
[Date "2002.06.05"]
[Round "5"]
[White "Postny, Evgeny"]
[Black "Vajda, Levente"]
[Result "1/2-1/2"]
[WhiteElo "2482"]
[BlackElo "2535"]
[PlyCount "41"]
[EventDate "2002.06.01"]
[Source "ChessBase"]
[SourceDate "2002.07.08"]

1. d4 g6 2. e4 Bg7 3. c4 d6 4. Nc3 Nf6 5. f3 Nbd7 6. Be3 c6 7. Qd2 h5 8. O-O-O Qc7 9. Kb1 a6 10. Nh3 b5 11. Ng5 Bb7 12. f4 b4 13. Na4 c5 14. d5 Bh6 15. Qc2 Ng4 16. Bc1 Bxg5 17. fxg5 e6 18. Bf4 exd5 19. exd5 O-O-O 20. h3 Nge5 21. b3 1/2-1/2

[Event "Tch (Men) 2005/2006 FRA"]
[Site "?"]
[Date "2006.03.30"]
[Round "4"]
[White "Parmentier Xavier"]
[Black "Bacrot Etienne"]
[Result "0-1"]
[WhiteElo "2299"]
[BlackElo "2717"]
[PlyCount "82"]
[EventDate "2006.??.??"]
[Source "www.chesslib.no"]
[SourceDate "2004.05.04"]

1. e4 g6 2. d4 Bg7 3. c4 Nc6 4. Be3 d6 5. Nc3 Nf6 6. f3 e5 7. d5 Ne7 8. Bd3 Nh5 9. Nge2 f5 10. Qd2 c5 11. h3 f4 12. Bf2 O-O 13. Rb1 Nf6 14. b4 b6 15. bxc5 dxc5 16. Nc1 g5 17. Qb2 h5 18. a4 Ne8 19. a5 Rf6 20. Qa3 Bd7 21. Ra1 Rc8 22. axb6 axb6 23. Nb3 Rg6 24. Nd2 Nd6 25. Ke2 g4 26. hxg4 hxg4 27. Qb2 g3 28. Bg1 Ra8 29. Bc2 Rxa1 30. Qxa1 Rf6 31. Ba4 Rf8 32. Bxd7 Qxd7 33. Qa6 Rb8 34. Nb5 Nec8 35. Kd3 Bf6 36. Rh5 Kg7 37. Nb3 Kg6 38. Rh1 Nxb5 39. cxb5 Rb7 40. Qa8 Qxb5+ 41. Kc2 Ra7 0-1

[Event "MTO"]
[Site "Biel"]
[Date "2003.07.29"]
[Round "8"]
[White "Adianto, Utut"]
[Black "Petkevich, Jusefs"]
[Result "1-0"]
[WhiteElo "2573"]
[BlackElo "2442"]
[PlyCount "55"]
[EventDate "2003.07.19"]
[Source "Roberto Alvarez"]
[SourceDate "2003.07.28"]

1. d4 Nf6 2. c4 g6 3. Nc3 Bg7 4. e4 d6 5. f3 a6 6. Be3 Nbd7 7. Nh3 c6 8. a4 a5 9. Be2 O-O 10. Nf2 e5 11. O-O Qb6 12. c5 dxc5 13. dxe5 Nxe5 14. f4 Rd8 15. Bxc5 Rxd1 16. Bxb6 Rxa1 17. Rxa1 Ned7 18. Be3 Nf8 19. g4 h6 20. h4 N6h7 21. Kg2 Bd7 22. g5 f6 23. Bc4+ Kh8 24. gxh6 Bxh6 25. Rd1 Re8 26. Kf3 Kg7 27. Bb6 Ra8 28. Ng4 1-0